000 00405nam a22001577a 4500
003 LK-CoDNM
005 20240816113817.0
008 240816b |||||||| |||| 00| 0 eng d
040 _aLK-CoDNM
_dLK-CoDNM
_eLK-CoDNM
080 _a9
_bR21
100 _aSOOTHILL W.E
245 _aTHEREE RELIGIONS OF CHINA
260 _aLONDON
_bOXFORED UNIVERSITITY PRESS
_c1923
300 _a271P. ; 23 CM
942 _cBK
999 _c148179
_d148179